| Tag |
First Indicator |
Second Indicator |
Subfields |
| LEADER |
00000cam a2200000 a 4500 |
| 001 |
in00000081382 |
| 005 |
20151008061045.0 |
| 007 |
hd af----b--- |
| 008 |
810610r19661965miua ab 00010 eng d |
| 035 |
|
|
|a (OCoLC)07490680
|
| 035 |
|
|
|9 AAJ7204AM
|
| 040 |
|
|
|c IAZ
|d TXA
|d UtOrBLW
|
| 049 |
|
|
|a TXAI
|
| 090 |
|
|
|a Z243
|b .S3 1965, 1970f
|
| 099 |
|
|
|a film
|a B
|a 1112
|
| 100 |
1 |
|
|a Sedgwick, Lorry King,
|d 1933-
|
| 245 |
1 |
4 |
|a The effectiveness of graphics as a basic communication medium /
|c Lorry King Sedgwick.
|
| 264 |
|
1 |
|a [Place of publication not identified] :
|b [publisher not identified] ;
|c 1965.
|
| 300 |
|
|
|a x, 191 leaves.
|
| 336 |
|
|
|a text
|b txt
|2 rdacontent
|
| 337 |
|
|
|a microform
|b h
|2 rdamedia
|
| 338 |
|
|
|a microfilm reel
|b hd
|2 rdacarrier
|
| 500 |
|
|
|a Cover title: Graphics as a basic communication medium.
|
| 500 |
|
|
|a Library's copy imperfect: leaves 79-189 wanting.
|
| 500 |
|
|
|a Vita.
|
| 502 |
|
|
|b Ph. D.
|c Purdue University, Lafayette
|d 1965.
|
| 504 |
|
|
|a Bibliography: pages 76-78.
|
| 533 |
|
|
|a Microfilm.
|b Ann Arbor, Mich. :
|c University Microfilms,
|d 1966.
|e 1 microfilm reel ; 35 mm.
|
| 500 |
|
|
|a Microform.
|
| 650 |
|
0 |
|a Graphic arts.
|
| 740 |
0 |
|
|a Graphics as a basic communication medium.
|
| 999 |
|
|
|a MARS
|
| 999 |
f |
f |
|s be3a9c51-2048-32b8-822f-d98d4b44b089
|i d1905bb0-4914-37e7-a92a-2762a581a25b
|t 0
|
| 952 |
f |
f |
|p default
|a Texas A&M University
|b College Station
|c Sterling C. Evans Library
|d Evans: Microforms (3rd floor)
|t 0
|e film B 1112
|h Other scheme
|i microform -- microfilm reel
|
| 998 |
f |
f |
|a film B 1112
|t 0
|l Evans: Microforms (3rd floor)
|